Pokémon Trivia Trail - Statistics

General Stats
  • This quiz has been taken 43 times
  • The average score is 5 of 15
Answer Stats
Hint Answer % Correct
They have 63 different forms. Alcremie
59%
...And he probably loves looking after these 30 grazers and chargers. Tauros
56%
This Pokémon's shell turns from red to blue in its shiny form, as seen in the anime. Shuckle
50%
Go nab yourself the Fog Badge here. Ekruteak City
44%
Became a trainer after a wild Gloom saved her from a Grimer ambush. Erika
41%
An Ancient Power unlocks their potential. Yanma
38%
Turn back the clock to get your choice of this evolved Pokémon's form. Lycanroc
31%
Palindromic Pokémon. Alomomola
25%
He loves a good Sketch does this present-day Pallet Town resident... Tracey Sketchit
25%
Lock yourself into an Attack boost. Choice Band
22%
Collect feathers here before walking out to Gen 5's most iconic anthem. Driftveil Drawbridge
19%
This bittersweet treat makes it easier to catch a Pokémon in Pokémon Go. Nanab Berry
16%
Sophocles hands you this during Mina's trial. Yellow Petal
16%
Only 2 battles take place here, underneath Eternamax's final stand. Energy Plant
13%
This cut move raises Attack by one stage. Sharpen
9%
No matching quizzes found
Score Distribution
Percent of People with Each Score
Percentile by Number Answered
Your Score History
You have not taken this quiz